The elves and the shoemaker / (Record no. 9705)

MARC details
000 -LEADER
fixed length control field 01198nam a22002897a 4500
001 - CONTROL NUMBER
control field 9705
003 - CONTROL NUMBER IDENTIFIER
control field FISKH
005 - DATE AND TIME OF LATEST TRANSACTION
control field 20260130091833.0
008 - FIXED-LENGTH DATA ELEMENTS--GENERAL INFORMATION
fixed length control field 260130b cb ||||| |||| 00| 0 eng d
020 ## - INTERNATIONAL STANDARD BOOK NUMBER
International Standard Book Number 9780710509031
040 ## - CATALOGING SOURCE
Original cataloging agency FISKH
Language of cataloging eng
Transcribing agency FISKH
Modifying agency FISKH
050 ## - LIBRARY OF CONGRESS CALL NUMBER
Classification number PZ7
082 ## - DEWEY DECIMAL CLASSIFICATION NUMBER
Classification number 398.2
100 ## - MAIN ENTRY--PERSONAL NAME
Personal name Anonymous
Relator term Author
245 ## - TITLE STATEMENT
Title The elves and the shoemaker /
Statement of responsibility, etc. Illustrated by Jenny Press ; courtesy of Simon Girling & Associates
260 ## - PUBLICATION, DISTRIBUTION, ETC.
Place of publication, distribution, etc. Bridlington :
Name of publisher, distributor, etc. Peter Haddock Ltd ,
Date of publication, distribution, etc. 1996
300 ## - PHYSICAL DESCRIPTION
Extent 14 unnumbered pages :
Other physical details color illustrations ;
Dimensions 16 cm
505 ## - FORMATTED CONTENTS NOTE
Formatted contents note E<br/>
520 ## - SUMMARY, ETC.
Summary, etc. The Elves and the Shoemaker is a retelling of the familiar tale in which a poor shoemaker, struggling to make ends meet, goes to bed one night only to find that helpful elves have made beautiful shoes for him overnight. Their kindness transforms his fortunes, showing young readers themes of generosity, gratitude, and the magic of kindness.
521 8# - TARGET AUDIENCE NOTE
Target audience note 300<br/>
Source Lexile estimate<br/>
521 8# - TARGET AUDIENCE NOTE
Target audience note E<br/>
Source Raz-Plus<br/>
650 ## - SUBJECT ADDED ENTRY--TOPICAL TERM
Topical term or geographic name entry element Children’s fairy tale
Form subdivision Early readers
650 ## - SUBJECT ADDED ENTRY--TOPICAL TERM
Form subdivision Elves
Source of heading or term Magic of kindness
700 ## - ADDED ENTRY--PERSONAL NAME
Personal name Press, Jenny
Relator term Illustrator
942 ## - ADDED ENTRY ELEMENTS (KOHA)
Source of classification or shelving scheme Dewey Decimal Classification
Koha item type Books
Suppress in OPAC No
Holdings
Withdrawn status Lost status Source of classification or shelving scheme Damaged status Not for loan Collection Home library Current library Shelving location Date acquired Total Checkouts Full call number Barcode Date last seen Copy number Price effective from Koha item type
    Dewey Decimal Classification     Juvenile Fiction Footprints International School Library Network Toul Tom Poung Campus Footprints International School Library Network Toul Tom Poung Campus TTP Primary Green Bookshelves 01/30/2026   ANO 398.2 PZ7 FISBK073279 01/30/2026 1 01/30/2026 Books